[Event "British Columbia op"]
[Site "Victoria CAN"]
[Date "2009.07.25"]
[Round "2"]
[White "Milonas, Nikolas"]
[Black "Aykroyd, Colin"]
[Result "1/2-1/2"]
[WhiteElo "1290"]
[BlackElo "1986"]
[PlyCount "57"]
[GameId "2160767910093503"]
[EventDate "2009.07.24"]
[EventType "swiss"]
[EventRounds "5"]
[EventCountry "CAN"]
[SourceTitle "EXT 2011"]
[Source "ChessBase"]
[SourceDate "2011.11.26"]
[SourceVersion "1"]
[SourceVersionDate "2011.11.26"]
[SourceQuality "1"]

1. e4 e5 2. Nf3 Nc6 3. Bb5 a6 4. Ba4 d6 5. O-O Bg4 6. c3 Nf6 7. Re1 Be7 8. d4 b5 9. Bb3 O-O 10. Be3 exd4 11. cxd4 Qd7 12. Nbd2 d5 13. Bc2 dxe4 14. Nxe4 Nxe4 15. Bxe4 f5 16. Qb3+ Kh8 17. Ne5 Nxe5 18. Bxa8 Nc4 19. Bf3 f4 20. Bc1 Bxf3 21. gxf3 Bd6 22. Qd3 Qh3 23. b3 Ne3 24. fxe3 fxe3 25. Re2 Rxf3 26. Bxe3 Rxe3 27. Qxe3 Bxh2+ 28. Kh1 Bg3+ 29. Kg1 1/2-1/2

[Event "British Columbia op"]
[Site "Victoria CAN"]
[Date "2009.07.25"]
[Round "2"]
[White "Parker, Brian"]
[Black "Powell, Samantha"]
[Result "0-1"]
[WhiteElo "968"]
[BlackElo "1604"]
[PlyCount "28"]
[GameId "2160767910093504"]
[EventDate "2009.07.24"]
[EventType "swiss"]
[EventRounds "5"]
[EventCountry "CAN"]
[SourceTitle "EXT 2011"]
[Source "ChessBase"]
[SourceDate "2011.11.26"]
[SourceVersion "1"]
[SourceVersionDate "2011.11.26"]
[SourceQuality "1"]

1. d4 Nf6 2. Nc3 d5 3. Be3 Nc6 4. Qd3 e5 5. dxe5 Nxe5 6. Qd2 Bb4 7. O-O-O c5 8. a3 Nc4 9. Qe1 Qa5 10. a4 d4 11. Bd2 dxc3 12. bxc3 Ba3+ 13. Kb1 Qb6+ 14. Ka2 Qb2# 0-1

[Event "British Columbia op"]
[Site "Victoria CAN"]
[Date "2009.07.25"]
[Round "2"]
[White "Patterson, Roger"]
[Black "Ozkan, Charlie"]
[Result "1-0"]
[WhiteElo "2193"]
[BlackElo "1928"]
[PlyCount "74"]
[GameId "2160767910093505"]
[EventDate "2009.07.24"]
[EventType "swiss"]
[EventRounds "5"]
[EventCountry "CAN"]
[SourceTitle "EXT 2011"]
[Source "ChessBase"]
[SourceDate "2011.11.26"]
[SourceVersion "1"]
[SourceVersionDate "2011.11.26"]
[SourceQuality "1"]

1. e4 c5 2. Nf3 e6 3. d4 cxd4 4. Nxd4 a6 5. Bd3 Nc6 6. Nb3 Qc7 7. Nc3 Nf6 8. O-O Be7 9. f4 d6 10. Qe2 O-O 11. Bd2 b5 12. Rae1 b4 13. Nd1 e5 14. Ne3 a5 15. Nd5 Qd8 16. Be3 Be6 17. Nxf6+ Bxf6 18. f5 Bc8 19. Bc4 Qc7 20. Rc1 Bb7 21. Rfd1 a4 22. Nd2 Na5 23. Bb5 Bc6 24. Bxc6 Qxc6 25. c4 b3 26. axb3 Nxb3 27. Nxb3 axb3 28. Rd5 Ra4 29. Qd3 Be7 30. f6 Bxf6 31. Rxd6 Qa8 32. Rxf6 gxf6 33. Bh6 Kh8 34. Qd6 Ra6 35. Qxf8+ Qxf8 36. Bxf8 Kg8 37. Ba3 Kg7 1-0

[Event "British Columbia op"]
[Site "Victoria CAN"]
[Date "2009.07.25"]
[Round "2"]
[White "Paulson, Stewart"]
[Black "Tate, William"]
[Result "1-0"]
[WhiteElo "1510"]
[BlackElo "1784"]
[PlyCount "109"]
[GameId "2160767910093506"]
[EventDate "2009.07.24"]
[EventType "swiss"]
[EventRounds "5"]
[EventCountry "CAN"]
[SourceTitle "EXT 2011"]
[Source "ChessBase"]
[SourceDate "2011.11.26"]
[SourceVersion "1"]
[SourceVersionDate "2011.11.26"]
[SourceQuality "1"]

1. d4 f5 2. Nf3 Nf6 3. Bg5 e6 4. Nbd2 d5 5. c3 Be7 6. e3 c6 7. h3 O-O 8. Qc2 Ne4 9. Bxe7 Qxe7 10. Nxe4 fxe4 11. Ne5 Nd7 12. Ng4 h5 13. Nh2 Qf7 14. c4 Nb6 15. b3 a5 16. g4 h4 17. Bg2 a4 18. O-O a3 19. f3 Qg6 20. c5 Nd7 21. fxe4 Rxf1+ 22. Rxf1 Nf6 23. Qf2 dxe4 24. Qxh4 Bd7 25. Rf4 Re8 26. Nf1 e5 27. dxe5 Rxe5 28. Qe1 Rxc5 29. Qb4 Rb5 30. Qxa3 Qe8 31. Qb2 c5 32. Qc2 Bc6 33. Ng3 Qe5 34. Qf2 c4 35. Rf5 Qa1+ 36. Kh2 cxb3 37. axb3 Rxb3 38. Nh5 Rb2 39. Nxf6+ gxf6 40. Qf4 Qa2 41. Qg3 Qe6 42. h4 Kf7 43. h5 Ra2 44. Qf4 Rxg2+ 45. Kxg2 Qa2+ 46. Qf2 Qxf2+ 47. Kxf2 b5 48. Rc5 Be8 49. Kg3 b4 50. Rc7+ Ke6 51. Rb7 f5 52. Rxb4 Ke5 53. Rb8 Bd7 54. h6 fxg4 55. h7 1-0

[Event "British Columbia op"]
[Site "Victoria CAN"]
[Date "2009.07.25"]
[Round "2"]
[White "Raymer, Elliot"]
[Black "Parker, Dylan"]
[Result "1/2-1/2"]
[WhiteElo "1776"]
[BlackElo "1574"]
[PlyCount "103"]
[GameId "2160767910093507"]
[EventDate "2009.07.24"]
[EventType "swiss"]
[EventRounds "5"]
[EventCountry "CAN"]
[SourceTitle "EXT 2011"]
[Source "ChessBase"]
[SourceDate "2011.11.26"]
[SourceVersion "1"]
[SourceVersionDate "2011.11.26"]
[SourceQuality "1"]

1. e4 e5 2. Nf3 Nc6 3. Bc4 Bc5 4. d3 d6 5. Nc3 h6 6. Be3 Bb6 7. h3 Nf6 8. O-O g5 9. Nh2 Rg8 10. Ng4 Nxg4 11. hxg4 Be6 12. Nd5 Na5 13. Bxb6 cxb6 14. Bb5+ Nc6 15. Qf3 Rg6 16. Rfe1 a6 17. Ba4 b5 18. Bb3 Nd4 19. Qg3 Nxb3 20. axb3 Bxd5 21. exd5 Qc7 22. c3 O-O-O 23. c4 b4 24. Qe3 Kb8 25. d4 f6 26. dxe5 fxe5 27. c5 Qxc5 28. Qxc5 dxc5 29. Rxe5 Rgd6 30. Rd1 b5 31. g3 c4 32. bxc4 bxc4 33. Rd4 Rc8 34. Ree4 a5 35. Rxc4 Rxc4 36. Rxc4 Rxd5 37. Rc6 Rd2 38. Ra6 Rxb2 39. Rxa5 b3 40. f4 gxf4 41. gxf4 Kc7 42. Rb5 Kd7 43. Kf1 Ke7 44. Ke1 Rg2 45. Rxb3 Rxg4 46. Rb4 Kf6 47. Kf2 Kf5 48. Kf3 Rg1 49. Rb5+ Kf6 50. Rb6+ Kf5 51. Rb5+ Kf6 52. Rb6+ 1/2-1/2

[Event "British Columbia op"]
[Site "Victoria CAN"]
[Date "2009.07.25"]
[Round "2"]
[White "Raymer, Evan"]
[Black "McLaren, Brian"]
[Result "0-1"]
[WhiteElo "1903"]
[BlackElo "2246"]
[PlyCount "54"]
[GameId "2160767910093508"]
[EventDate "2009.07.24"]
[EventType "swiss"]
[EventRounds "5"]
[EventCountry "CAN"]
[SourceTitle "EXT 2011"]
[Source "ChessBase"]
[SourceDate "2011.11.26"]
[SourceVersion "1"]
[SourceVersionDate "2011.11.26"]
[SourceQuality "1"]

1. e4 b6 2. d4 e6 3. Bd3 Bb7 4. Nf3 Nf6 5. e5 Nd5 6. O-O d6 7. c4 Ne7 8. exd6 cxd6 9. Nc3 Ng6 10. Re1 Be7 11. Be4 Qc8 12. Qd3 Nd7 13. Bg5 Nf6 14. Bxf6 Bxf6 15. Rac1 O-O 16. Nb5 Bxe4 17. Qxe4 Qd7 18. h4 d5 19. Qg4 dxc4 20. Nc3 Rfc8 21. Ne4 Bd8 22. h5 f5 23. Qh3 Nf4 24. Qg3 Nxh5 25. Qh2 fxe4 26. Qxh5 exf3 27. d5 Qf7 0-1

[Event "British Columbia op"]
[Site "Victoria CAN"]
[Date "2009.07.25"]
[Round "2"]
[White "Reid, Richard"]
[Black "Van Heirzeele, Daniel"]
[Result "0-1"]
[WhiteElo "1873"]
[BlackElo "2201"]
[PlyCount "48"]
[GameId "2160767910093509"]
[EventDate "2009.07.24"]
[EventType "swiss"]
[EventRounds "5"]
[EventCountry "CAN"]

1. d4 Nf6 2. c4 e6 3. Nf3 b6 4. Nc3 Bb4 5. Qc2 Bb7 6. Bd2 O-O 7. e3 Bxc3 8. Bxc3 Ne4 9. Bd3 f5 10. O-O-O d6 11. Rdf1 Nd7 12. Ne1 c5 13. f3 Nxc3 14. Qxc3 Rc8 15. Qd2 cxd4 16. exd4 b5 17. Qb4 Qb6 18. c5 dxc5 19. dxc5 Nxc5 20. Bc2 Rfd8 21. Kb1 Na6 22. Qb3 Bd5 23. Qa3 b4 24. Qd3 Bc4 0-1

[Event "British Columbia op"]
[Site "Victoria CAN"]
[Date "2009.07.25"]
[Round "2"]
[White "Roback, Joe"]
[Black "Powell, Ashley"]
[Result "1-0"]
[WhiteElo "1685"]
[BlackElo "1300"]
[PlyCount "77"]
[GameId "2160767910093510"]
[EventDate "2009.07.24"]
[EventType "swiss"]
[EventRounds "5"]
[EventCountry "CAN"]
[SourceTitle "EXT 2011"]
[Source "ChessBase"]
[SourceDate "2011.11.26"]
[SourceVersion "1"]
[SourceVersionDate "2011.11.26"]
[SourceQuality "1"]

1. e4 e5 2. Nf3 Nc6 3. Bc4 Nf6 4. Ng5 d5 5. exd5 Na5 6. Bb5+ c6 7. dxc6 bxc6 8. Be2 h6 9. Nf3 Bd6 10. d4 e4 11. Ne5 Bxe5 12. dxe5 Qxd1+ 13. Bxd1 Nd7 14. Bf4 Ba6 15. Nc3 Nc5 16. b4 Ne6 17. Bg3 Nc4 18. Nxe4 Na3 19. Nd6+ Kf8 20. Rc1 c5 21. bxc5 Nxc5 22. Be2 Bxe2 23. Kxe2 Na4 24. c4 Nc5 25. Rc3 g5 26. Rxa3 h5 27. f3 h4 28. Bf2 Nd7 29. Rxa7 Rxa7 30. Bxa7 Nxe5 31. Bd4 Rh6 32. Bxe5 Re6 33. Kd3 Rxe5 34. Rb1 Ke7 35. Ne4 f5 36. Nxg5 Kd6 37. Nf7+ Kc5 38. Rb5+ Kc6 39. Nxe5+ 1-0

[Event "British Columbia op"]
[Site "Victoria CAN"]
[Date "2009.07.25"]
[Round "2"]
[White "Setiadikurnia, Sloan"]
[Black "Forman, Ken"]
[Result "0-1"]
[WhiteElo "692"]
[BlackElo "1788"]
[PlyCount "58"]
[GameId "2160767910093511"]
[EventDate "2009.07.24"]
[EventType "swiss"]
[EventRounds "5"]
[EventCountry "CAN"]
[SourceTitle "EXT 2011"]
[Source "ChessBase"]
[SourceDate "2011.11.26"]
[SourceVersion "1"]
[SourceVersionDate "2011.11.26"]
[SourceQuality "1"]

1. e4 c5 2. Nf3 d6 3. d4 cxd4 4. Nxd4 Nf6 5. Nc3 a6 6. Bc4 e6 7. Bg5 Be7 8. O-O O-O 9. Re1 Qc7 10. Bb3 Nc6 11. Nf3 b5 12. a3 Bb7 13. Qd3 Rac8 14. Rad1 Rfd8 15. Bf4 e5 16. Be3 Na5 17. Nd2 Nxb3 18. Nxb3 d5 19. exd5 Nxd5 20. Bd2 Nf4 21. Qf5 Nxg2 22. Rxe5 Nh4 23. Rxe7 Qxe7 24. Qh3 Nf3+ 25. Kf1 Qc7 26. Qg3 Qc4+ 27. Ne2 Qxc2 28. Rc1 Nxd2+ 29. Nxd2 Qxd2 0-1

[Event "British Columbia op"]
[Site "Victoria CAN"]
[Date "2009.07.25"]
[Round "2"]
[White "Wang, Jesse BJ"]
[Black "Ho, Daniel"]
[Result "1-0"]
[WhiteElo "2006"]
[BlackElo "1900"]
[PlyCount "83"]
[GameId "2160767910093512"]
[EventDate "2009.07.24"]
[EventType "swiss"]
[EventRounds "5"]
[EventCountry "CAN"]

1. e4 e5 2. Nf3 Nc6 3. Bb5 a6 4. Ba4 Nf6 5. O-O b5 6. Bb3 Bc5 7. c3 d6 8. h3 h6 9. d3 O-O 10. Nbd2 Be6 11. Re1 Nd7 12. Nf1 Qf6 13. Be3 Bxe3 14. Nxe3 Qg6 15. Nh4 Qg5 16. Nhf5 Bxb3 17. Qxb3 g6 18. Ng3 Nc5 19. Qd1 f5 20. d4 Nd7 21. Qb3+ Kh8 22. exf5 exd4 23. cxd4 Nxd4 24. Qc3 c5 25. Ne4 Qh4 26. Nc2 gxf5 27. Nxd4 cxd4 28. Qxd4+ Nf6 29. g3 Qxe4 30. Rxe4 fxe4 31. Qxd6 Rad8 32. Qxa6 e3 33. fxe3 Nd5 34. Qxh6+ Kg8 35. Qg5+ Kh8 36. Rd1 Rc8 37. Qh6+ Kg8 38. Qg6+ Kh8 39. Rxd5 Rc1+ 40. Kg2 Rg1+ 41. Kxg1 Rf1+ 42. Kxf1 1-0

[Event "British Columbia op"]
[Site "Victoria CAN"]
[Date "2009.07.25"]
[Round "2"]
[White "Yearwood, Roy"]
[Black "McCleary, Reuben"]
[Result "1-0"]
[WhiteElo "2079"]
[BlackElo "1508"]
[PlyCount "55"]
[GameId "2160767910093513"]
[EventDate "2009.07.24"]
[EventType "swiss"]
[EventRounds "5"]
[EventCountry "CAN"]
[SourceTitle "EXT 2011"]
[Source "ChessBase"]
[SourceDate "2011.11.26"]
[SourceVersion "1"]
[SourceVersionDate "2011.11.26"]
[SourceQuality "1"]

1. e4 c5 2. b4 e6 3. bxc5 Bxc5 4. d4 Bb6 5. Nf3 d5 6. e5 Nc6 7. Bd3 Bd7 8. c3 Nge7 9. O-O Rc8 10. Na3 a6 11. Nc2 Nf5 12. Rb1 O-O 13. Ne3 Nxe3 14. Bxe3 h6 15. Ng5 f5 16. exf6 Rxf6 17. Nf3 Qc7 18. Ne5 Ba7 19. f4 b5 20. Nxd7 Qxd7 21. a4 e5 22. axb5 exd4 23. bxc6 dxe3 24. cxd7 e2+ 25. Kh1 exd1=Q 26. dxc8=Q+ Rf8 27. Qe6+ Kh8 28. Rbxd1 1-0

[Event "British Columbia op"]
[Site "Victoria CAN"]
[Date "2009.07.25"]
[Round "3"]
[White "Aykroyd, Colin"]
[Black "Roback, Joe"]
[Result "0-1"]
[WhiteElo "1986"]
[BlackElo "1685"]
[PlyCount "42"]
[GameId "2160767910093514"]
[EventDate "2009.07.24"]
[EventType "swiss"]
[EventRounds "5"]
[EventCountry "CAN"]
[SourceTitle "EXT 2011"]
[Source "ChessBase"]
[SourceDate "2011.11.26"]
[SourceVersion "1"]
[SourceVersionDate "2011.11.26"]
[SourceQuality "1"]

1. e4 c5 2. Nf3 d6 3. d4 cxd4 4. Nxd4 Nf6 5. Nc3 a6 6. g3 e5 7. Nde2 Be6 8. Bg2 Be7 9. h3 b5 10. O-O O-O 11. Kh2 Nbd7 12. f4 Nb6 13. Nd5 Rc8 14. Nxe7+ Qxe7 15. fxe5 dxe5 16. Bg5 Ng4+ 17. hxg4 Qxg5 18. Qc1 Qxg4 19. Rf2 Rfd8 20. Ng1 Qh5+ 21. Nh3 h6 0-1

[Event "British Columbia op"]
[Site "Victoria CAN"]
[Date "2009.07.25"]
[Round "3"]
[White "Cruden, Neil B"]
[Black "Lo, Ryan"]
[Result "1/2-1/2"]
[WhiteElo "1908"]
[BlackElo "1615"]
[PlyCount "45"]
[GameId "2160767910093516"]
[EventDate "2009.07.24"]
[EventType "swiss"]
[EventRounds "5"]
[EventCountry "CAN"]
[SourceTitle "EXT 2011"]
[Source "ChessBase"]
[SourceDate "2011.11.26"]
[SourceVersion "1"]
[SourceVersionDate "2011.11.26"]
[SourceQuality "1"]

1. e4 c5 2. Nf3 e6 3. d4 cxd4 4. Nxd4 a6 5. Be2 Qc7 6. O-O Nf6 7. Nc3 Be7 8. Be3 d6 9. Qd2 Nbd7 10. a4 b6 11. Nb3 Bb7 12. f3 O-O 13. Rfd1 Rac8 14. Bf4 e5 15. Be3 Rfd8 16. Rac1 Nc5 17. Nxc5 dxc5 18. Qe1 Rxd1 19. Rxd1 Rd8 20. Rxd8+ Qxd8 21. Bc4 Kf8 22. Qe2 a5 23. Qd3 1/2-1/2

[Event "British Columbia op"]
[Site "Victoria CAN"]
[Date "2009.07.25"]
[Round "3"]
[White "Diemecke, Pablo"]
[Black "Parker, Dylan"]
[Result "1-0"]
[WhiteElo "1840"]
[BlackElo "1574"]
[PlyCount "75"]
[GameId "2160767910093517"]
[EventDate "2009.07.24"]
[EventType "swiss"]
[EventRounds "5"]
[EventCountry "CAN"]
[SourceTitle "EXT 2011"]
[Source "ChessBase"]
[SourceDate "2011.11.26"]
[SourceVersion "1"]
[SourceVersionDate "2011.11.26"]
[SourceQuality "1"]

1. e4 e5 2. f4 Bc5 3. Nf3 d6 4. c3 Nc6 5. Bb5 Bd7 6. d4 Bb6 7. Be3 Nf6 8. Qd3 Qe7 9. fxe5 dxe5 10. d5 Nb8 11. Bxb6 axb6 12. Nbd2 O-O 13. b4 Ra3 14. Bc4 Qd6 15. Nb1 Ra8 16. a3 Ba4 17. Nbd2 Re8 18. Bb5 Bxb5 19. Qxb5 Nbd7 20. Qd3 Rad8 21. O-O Qe7 22. c4 Nf8 23. Nh4 Ng6 24. Nf5 Qd7 25. Qb3 Nf4 26. Qf3 Qa4 27. Rfc1 Rf8 28. g3 Ng6 29. h4 h5 30. Rc3 Rfe8 31. Rf1 Ne7 32. Nxg7 Kxg7 33. Qxf6+ Kg8 34. Qxf7+ Kh8 35. Qxh5+ Kg8 36. Rf7 Qd1+ 37. Qxd1 Kxf7 38. Qh5+ 1-0

[Event "British Columbia op"]
[Site "Victoria CAN"]
[Date "2009.07.25"]
[Round "3"]
[White "Findlay, Dave"]
[Black "Lamothe, Zachari"]
[Result "1-0"]
[WhiteElo "1758"]
[BlackElo "840"]
[PlyCount "35"]
[GameId "2160767910093518"]
[EventDate "2009.07.24"]
[EventType "swiss"]
[EventRounds "5"]
[EventCountry "CAN"]
[SourceTitle "EXT 2011"]
[Source "ChessBase"]
[SourceDate "2011.11.26"]
[SourceVersion "1"]
[SourceVersionDate "2011.11.26"]
[SourceQuality "1"]

1. e4 Nf6 2. e5 Nd5 3. c4 Nb6 4. d4 d6 5. exd6 exd6 6. Nf3 d5 7. c5 N6d7 8. Bd3 b6 9. cxb6 Nxb6 10. O-O Bb4 11. a3 Ba5 12. b4 Bxb4 13. axb4 Bg4 14. Re1+ Kd7 15. h3 Bxf3 16. Qxf3 Re8 17. Qxf7+ Re7 18. Bf5+ 1-0

[Event "British Columbia op"]
[Site "Victoria CAN"]
[Date "2009.07.25"]
[Round "3"]
[White "Forman, Ken"]
[Black "Yearwood, Roy"]
[Result "0-1"]
[WhiteElo "1788"]
[BlackElo "2079"]
[PlyCount "80"]
[GameId "2160767910093519"]
[EventDate "2009.07.24"]
[EventType "swiss"]
[EventRounds "5"]
[EventCountry "CAN"]
[SourceTitle "EXT 2011"]
[Source "ChessBase"]
[SourceDate "2011.11.26"]
[SourceVersion "1"]
[SourceVersionDate "2011.11.26"]
[SourceQuality "1"]

1. e4 g6 2. d4 Bg7 3. Nf3 d6 4. c4 e5 5. d5 f5 6. Nc3 Nf6 7. Bd3 O-O 8. O-O Na6 9. Nd2 Nc5 10. Bc2 a5 11. a3 Bd7 12. Rb1 Kh8 13. b4 Na6 14. Re1 c6 15. f3 axb4 16. axb4 cxd5 17. Nxd5 Nxd5 18. cxd5 f4 19. Kh1 Nc7 20. Nc4 Nb5 21. Bb2 g5 22. Na5 Rb8 23. Bd3 Qe8 24. Qe2 Bf6 25. Rec1 Bd8 26. Bxb5 Bxb5 27. Qf2 g4 28. Nc4 g3 29. hxg3 Qh5+ 30. Kg1 fxg3 31. Qxg3 Bxc4 32. Rxc4 Bb6+ 33. Kf1 Rg8 34. Qe1 Qh1+ 35. Ke2 Rxg2+ 36. Kd3 Qxe1 37. Rxe1 Rxb2 38. Rec1 Rf8 39. Rc8 Rb3+ 40. Ke2 Rbxf3 0-1

[Event "British Columbia op"]
[Site "Victoria CAN"]
[Date "2009.07.25"]
[Round "3"]
[White "Ho, Daniel"]
[Black "Paulson, Stewart"]
[Result "1-0"]
[WhiteElo "1900"]
[BlackElo "1510"]
[PlyCount "79"]
[GameId "2160767910093520"]
[EventDate "2009.07.24"]
[EventType "swiss"]
[EventRounds "5"]
[EventCountry "CAN"]
[SourceTitle "EXT 2011"]
[Source "ChessBase"]
[SourceDate "2011.11.26"]
[SourceVersion "1"]
[SourceVersionDate "2011.11.26"]
[SourceQuality "1"]

1. e4 e5 2. Nf3 Nc6 3. Bb5 d6 4. h3 Bd7 5. c3 g6 6. d4 exd4 7. cxd4 Bg7 8. O-O a6 9. Bc4 Nge7 10. Be3 O-O 11. Qd2 Re8 12. Ng5 Rf8 13. f4 h6 14. Nf3 Kh7 15. Nc3 Ng8 16. e5 Nce7 17. d5 Nf5 18. Ne4 Nxe3 19. Qxe3 Bb5 20. Bxb5 axb5 21. h4 dxe5 22. fxe5 Qxd5 23. Rfd1 Qc6 24. Kh1 Kh8 25. Rac1 Qa6 26. a3 Rad8 27. Rxd8 Rxd8 28. Rxc7 Rd1+ 29. Kh2 Qe6 30. Nc5 Qf5 31. e6 Nf6 32. e7 Ne8 33. Rxb7 Bxb2 34. Rb8 Bc1 35. Rxe8+ Kg7 36. Qc3+ f6 37. Rg8+ Kxg8 38. e8=Q+ Kg7 39. Ne6+ Kh7 40. Qf7+ 1-0

[Event "British Columbia op"]
[Site "Victoria CAN"]
[Date "2009.07.25"]
[Round "3"]
[White "Huang, Richard"]
[Black "Stewart, Deron"]
[Result "1-0"]
[WhiteElo "1952"]
[BlackElo "1636"]
[PlyCount "45"]
[GameId "2160767910093521"]
[EventDate "2009.07.24"]
[EventType "swiss"]
[EventRounds "5"]
[EventCountry "CAN"]
[SourceTitle "EXT 2011"]
[Source "ChessBase"]
[SourceDate "2011.11.26"]
[SourceVersion "1"]
[SourceVersionDate "2011.11.26"]
[SourceQuality "1"]

1. d4 Nf6 2. Bg5 d5 3. Bxf6 gxf6 4. e3 Bf5 5. c4 Bg7 6. Qb3 dxc4 7. Bxc4 O-O 8. Qxb7 Nd7 9. Qf3 Bg6 10. Ne2 c5 11. O-O Qb6 12. Bb3 cxd4 13. exd4 Rad8 14. Nbc3 Qa6 15. Nf4 Kh8 16. h4 e5 17. h5 exd4 18. hxg6 dxc3 19. Qxc3 hxg6 20. Nxg6+ Kg8 21. Ne7+ Kh7 22. Qh3+ Bh6 23. Nf5 1-0

[Event "British Columbia op"]
[Site "Victoria CAN"]
[Date "2009.07.25"]
[Round "3"]
[White "Leblanc, Paul"]
[Black "Cao, Jason"]
[Result "1-0"]
[WhiteElo "1930"]
[BlackElo "1032"]
[PlyCount "55"]
[GameId "2160767910093522"]
[EventDate "2009.07.24"]
[EventType "swiss"]
[EventRounds "5"]
[EventCountry "CAN"]
[SourceTitle "EXT 2011"]
[Source "ChessBase"]
[SourceDate "2011.11.26"]
[SourceVersion "1"]
[SourceVersionDate "2011.11.26"]
[SourceQuality "1"]

1. d4 Nf6 2. Bg5 Ne4 3. Bf4 d5 4. e3 Nc6 5. c4 e6 6. a3 Bd6 7. Bxd6 Qxd6 8. Nc3 Nf6 9. Nf3 O-O 10. Bd3 dxc4 11. Bxc4 a6 12. O-O Rd8 13. Qc2 e5 14. Ng5 Rf8 15. Nce4 Nxe4 16. Qxe4 g6 17. Qh4 h5 18. f4 exd4 19. f5 Bxf5 20. Rxf5 gxf5 21. Qxh5 Kg7 22. Qh7+ Kf6 23. Rf1 Ke7 24. Rxf5 Qg6 25. Rxf7+ Rxf7 26. Qxg6 Rff8 27. Qg7+ Kd6 28. Ne4# 1-0

[Event "British Columbia op"]
[Site "Victoria CAN"]
[Date "2009.07.25"]
[Round "3"]
[White "Lee, Andrew Quinton"]
[Black "Gaciu, Vlad"]
[Result "0-1"]
[WhiteElo "1675"]
[BlackElo "1968"]
[PlyCount "34"]
[GameId "2160767910093523"]
[EventDate "2009.07.24"]
[EventType "swiss"]
[EventRounds "5"]
[EventCountry "CAN"]
[SourceTitle "EXT 2011"]
[Source "ChessBase"]
[SourceDate "2011.11.26"]
[SourceVersion "1"]
[SourceVersionDate "2011.11.26"]
[SourceQuality "1"]

1. e4 d6 2. d4 Nf6 3. Nc3 g6 4. Be3 c6 5. f3 b5 6. a3 Nbd7 7. Nge2 e5 8. Qd2 a6 9. O-O-O Qc7 10. Kb1 Bb7 11. Nc1 a5 12. dxe5 dxe5 13. Nd3 c5 14. b4 axb4 15. axb4 Nb6 16. Kc1 Nfd7 17. g4 Ra1+ 0-1

[Event "British Columbia op"]
[Site "Victoria CAN"]
[Date "2009.07.25"]
[Round "3"]
[White "McCleary, Reuben"]
[Black "Raymer, Elliot"]
[Result "1/2-1/2"]
[WhiteElo "1508"]
[BlackElo "1776"]
[PlyCount "60"]
[GameId "2160767910093524"]
[EventDate "2009.07.24"]
[EventType "swiss"]
[EventRounds "5"]
[EventCountry "CAN"]
[SourceTitle "EXT 2011"]
[Source "ChessBase"]
[SourceDate "2011.11.26"]
[SourceVersion "1"]
[SourceVersionDate "2011.11.26"]
[SourceQuality "1"]

1. e4 e5 2. Nf3 Nc6 3. Bc4 Nf6 4. O-O Bc5 5. d4 Bxd4 6. Nxd4 Nxd4 7. Bg5 h6 8. Bh4 g5 9. f4 gxf4 10. Rxf4 Ne2+ 11. Qxe2 exf4 12. e5 Qe7 13. exf6 Qxe2 14. Bxe2 d6 15. Nc3 Bf5 16. Nd5 Kd7 17. Bd3 Bxd3 18. cxd3 c6 19. Nxf4 Rae8 20. Re1 Rxe1+ 21. Bxe1 Re8 22. Kf2 d5 23. Bb4 b6 24. Be7 d4 25. Kf3 c5 26. Nh5 Rc8 27. b3 b5 28. Ke4 a5 29. Kd5 c4 30. bxc4 bxc4 1/2-1/2

[Event "British Columbia op"]
[Site "Victoria CAN"]
[Date "2009.07.25"]
[Round "3"]
[White "McLaren, Brian"]
[Black "Sohal, Tanraj"]
[Result "1/2-1/2"]
[WhiteElo "2246"]
[BlackElo "2072"]
[PlyCount "38"]
[GameId "2160767910093525"]
[EventDate "2009.07.24"]
[EventType "swiss"]
[EventRounds "5"]
[EventCountry "CAN"]
[SourceTitle "EXT 2011"]
[Source "ChessBase"]
[SourceDate "2011.11.26"]
[SourceVersion "1"]
[SourceVersionDate "2011.11.26"]
[SourceQuality "1"]

1. b3 d5 2. f4 Nf6 3. Nf3 c5 4. e3 g6 5. Bb2 Bg7 6. Bb5+ Bd7 7. Qe2 a6 8. Bd3 O-O 9. c3 Nc6 10. Bc2 Qc7 11. d4 cxd4 12. Nxd4 e5 13. Nxc6 Bxc6 14. O-O exf4 15. exf4 Ne4 16. Bxe4 dxe4 17. c4 f5 18. Bxg7 Qxg7 19. Na3 Rad8 1/2-1/2

[Event "British Columbia op"]
[Site "Victoria CAN"]
[Date "2009.07.25"]
[Round "3"]
[White "Milne, Arthur"]
[Black "Patterson, Roger"]
[Result "0-1"]
[WhiteElo "1852"]
[BlackElo "2193"]
[PlyCount "76"]
[GameId "2160767910093526"]
[EventDate "2009.07.24"]
[EventType "swiss"]
[EventRounds "5"]
[EventCountry "CAN"]
[SourceTitle "EXT 2011"]
[Source "ChessBase"]
[SourceDate "2011.11.26"]
[SourceVersion "1"]
[SourceVersionDate "2011.11.26"]
[SourceQuality "1"]

1. b3 Nf6 2. Bb2 e6 3. e3 c5 4. Nf3 Nc6 5. Bb5 Qc7 6. O-O Be7 7. c4 O-O 8. Bxc6 Qxc6 9. d4 b6 10. Ne5 Qc7 11. Nd2 Bb7 12. Ndf3 d6 13. Nd3 cxd4 14. Nxd4 a6 15. Rc1 Rac8 16. Qe2 Qb8 17. Nf4 Qa8 18. f3 d5 19. cxd5 Nxd5 20. Nxd5 Bxd5 21. e4 Bb7 22. Kh1 Rxc1 23. Rxc1 Rc8 24. Rxc8+ Qxc8 25. Qc2 Qxc2 26. Nxc2 g6 27. Bd4 Bd8 28. Kg1 f5 29. e5 Kf7 30. Kf2 Ke7 31. Ke3 Kd7 32. Kd3 Bc6 33. a4 b5 34. Nb4 bxa4 35. Nxc6 Kxc6 36. bxa4 Kd5 37. f4 g5 38. g3 g4 0-1

[Event "British Columbia op"]
[Site "Victoria CAN"]
[Date "2009.07.25"]
[Round "3"]
[White "Milonas, Nikolas"]
[Black "Doknjas, John"]
[Result "0-1"]
[WhiteElo "1290"]
[BlackElo "1796"]
[PlyCount "44"]
[GameId "2160767910093527"]
[EventDate "2009.07.24"]
[EventType "swiss"]
[EventRounds "5"]
[EventCountry "CAN"]
[SourceTitle "EXT 2011"]
[Source "ChessBase"]
[SourceDate "2011.11.26"]
[SourceVersion "1"]
[SourceVersionDate "2011.11.26"]
[SourceQuality "1"]

1. e4 c5 2. Nf3 d6 3. d4 cxd4 4. Nxd4 Nf6 5. Nc3 a6 6. Be2 e5 7. Nf3 Be7 8. Bg5 Be6 9. Qd2 O-O 10. O-O-O b5 11. Bxf6 Bxf6 12. Nd5 Nc6 13. Nxf6+ Qxf6 14. Qxd6 Rac8 15. h4 Rfd8 16. Qa3 Rxd1+ 17. Rxd1 h6 18. Qxa6 Qf4+ 19. Kb1 Nb4 20. g3 Qxe4 21. Qxb5 Qxc2+ 22. Ka1 Qxd1+ 0-1